AP Gov Compare Interpret Thesis Review - Statistics

General Stats
  • This quiz has been taken 41 times
  • The average score is 12 of 15
Answer Stats
Hint Answer % Correct
What type of democracy has several groups competing against each other to gain access mainly by lobbying members of congress pluralist
96%
What court case said school made prayer is unconstitutional because it violates the establishment clause? (engel v. vitale or wisoncsin v. yoder) engel v. vitale
93%
What court case did a state attendance law violate the free exercise clause because it forced Amish kids to go to school past 8th grade going against their religious lifestyle (engel v. vitale or wisoncsin v. yoder) wisconsin v. yode
93%
__ spending the government gets to decide how to spend it on different government agencies for their budget (mandatory or discretionary) discretionary
89%
What type of grant do states prefer because they have control of the funding block
85%
What part of congress is based on population and all tax revenue bills start here? (house or senate) house
85%
__ spending is required by law for the government to pay and cover (mandatory or discretionary) mandatory
85%
What part of congress ratifies treaties it is the part where each state gets 2? (house or senate) senate
85%
What type of democracy do citizens make government decisions when they vote in elections participatory
78%
Our first government that was very weak that did no have a judicial branch or president was called articles of confederation
67%
When the federal government orders states to do something first to receive funding is called mandate
67%
Powers set aside for the states found in the 10th amendment are called __ reserved
67%
Sharing of government power between the states and national government federalism
63%
Our current government is called this where the document gives the national government the power to coin money constitution
56%
When you get the popular vote and receive all the electoral college votes this is called the __ and it helps major parties and hurts third parties in presidential elections winner take all
48%
No matching quizzes found
Score Distribution
Percent of People with Each Score
Percentile by Number Answered
Your Score History
You have not taken this quiz